مجموعة مصنفات شيخ اشراق / (Record no. 12776)
[ view plain ]
| 000 -LEADER | |
|---|---|
| fixed length control field | 00932nam a22001937a 4500 |
| 008 - FIXED-LENGTH DATA ELEMENTS--GENERAL INFORMATION | |
| fixed length control field | 090910t xxu||||| |||| 00| 0 eng d |
| 082 ## - DEWEY DECIMAL CLASSIFICATION NUMBER | |
| Edition number | 22 |
| Classification number | 260 |
| Item number | س ه ر |
| 100 ## - MAIN ENTRY--PERSONAL NAME | |
| 9 (RLIN) | 8790 |
| Personal name | سهروردى, شهاب الدين يحيى. |
| 245 ## - TITLE STATEMENT | |
| Title | مجموعة مصنفات شيخ اشراق / |
| Statement of responsibility, etc | شهاب الدين يحيى سهروردى ؛ بتصحيح ومقدمة هنرى كربين. |
| 250 ## - EDITION STATEMENT | |
| Edition statement | ط2 |
| 260 ## - PUBLICATION, DISTRIBUTION, ETC. (IMPRINT) | |
| Place of publication, distribution, etc | القاهرة : |
| Name of publisher, distributor, etc | الهيئة العامة لقصور الثقافة, 2000 |
| Date of publication, distribution, etc | 2000. |
| 300 ## - PHYSICAL DESCRIPTION | |
| Extent | 349 ص ؛ |
| Dimensions | 20 سم. |
| 500 ## - GENERAL NOTE | |
| General note | صفحة عنوان ومقدمة باللغة الفرنسية |
| 505 ## - FORMATTED CONTENTS NOTE | |
| Formatted contents note | المحتويات :كتاب حكمة الأشراق ورسالة فى اعتقاد الحكماء وقصة الغربة الغربية |
| 650 ## - SUBJECT ADDED ENTRY--TOPICAL TERM | |
| 9 (RLIN) | 8787 |
| Topical term or geographic name as entry element | التصوف الإسلامى |
| 650 ## - SUBJECT ADDED ENTRY--TOPICAL TERM | |
| 9 (RLIN) | 8788 |
| Topical term or geographic name as entry element | الفلسفة الإسلامية |
| 700 ## - ADDED ENTRY--PERSONAL NAME | |
| 9 (RLIN) | 15110 |
| Personal name | كربين، هنري |
| 942 ## - ADDED ENTRY ELEMENTS (KOHA) | |
| Source of classification or shelving scheme | Dewey Decimal Classification |
| Item type | Book - Borrowing |
| Withdrawn status | Item status | Source of classification or shelving scheme | Damaged status | Not for loan | Vendor | Home library | Current library | Shelving location | Date acquired | Source of acquisition | Total Checkouts | Full call number | Barcode | Date last seen | Koha item type | Materials specified (bound volume or other part) |
|---|---|---|---|---|---|---|---|---|---|---|---|---|---|---|---|---|
| Dewey Decimal Classification | Central Library | Central Library | Lower Floor | 10/09/2009 | 260 سهر | 000018093 | 15/07/2025 | Book - Borrowing | ||||||||
| Dewey Decimal Classification | Damaged | Central Library | Central Library | Lower Floor | 23/06/2010 | 260 سهر | 000021153 | 30/09/2018 | Book - Borrowing | BOX05 | ||||||
| Dewey Decimal Classification | Central Library | Central Library | Lower Floor | 23/06/2010 | 260 سهر | 000021152 | 15/07/2025 | Book - Borrowing |